| 000 | 02207cam a2200301 i 4500 | ||
|---|---|---|---|
| 001 | 19401582 | ||
| 003 | EG-ScBUE | ||
| 005 | 20250730095749.0 | ||
| 008 | 161208s2017 njua f b 001 0 eng d | ||
| 020 | _a9781119972440 (cloth) | ||
| 040 |
_aDLC _beng _erda _cDLC _dEG-ScBUE |
||
| 082 | 0 | 4 |
_a541.37 _bSCO _222 |
| 100 | 1 |
_aScott, K. _q(Keith), _d1951- _eauthor. |
|
| 245 | 1 | 0 |
_aSustainable and green electrochemical science and technology / _cKeith Scott, School of Chemical Engineering and Advanced Materials, Newcastle University, UK. |
| 264 |
_aHoboken, Nj : _bJohn Wiley & Sons, _c2017. |
||
| 300 |
_axv, 392 pages : _billustrations ; _c24 cm |
||
| 336 |
_2rdacontent _atext _btxt |
||
| 337 |
_aunmediated _2rdamedia _bn |
||
| 338 |
_avolume _bnc _2rdacarrier |
||
| 504 | _aIncludes bibliographical references and index. | ||
| 520 | _aSustainable and Green Electrochemical Science and Technology brings together the basic concepts of electrochemical science and engineering and shows how these are applied in an industrial context, emphasising the major role that electrochemistry plays within society and industry in providing cleaner, greener and more sustainable technologies. Electrochemistry has many applications for sustainability; it can be used to store energy, synthesise materials and chemicals, to generate power and to recycle valuable resources. Coverage includes -Electrochemistry, Electrocatalysis and Thermodynamics -Electrochemical Cells, Materials and Reactors -Carbon Dioxide Reduction and Electro-Organic Synthesis -Hydrogen production and Water Electrolysis -Inorganic Synthesis -Electrochemical Energy Storage and Power Sources -Electrochemical processes for recycling and resource recovery -Fuel Cell Technologies This book is targeted at both industrial and academic readers, providing a good technological reference base for electrochemistry. It will enable the reader to build on basic principles of electrochemistry, and takes these through to cell design for various and diverse applications. | ||
| 650 | 7 |
_aElectrochemistry. _2BUEsh |
|
| 650 | 7 |
_aGreen electronics. _2BUEsh |
|
| 651 | _2BUEsh | ||
| 653 |
_bENGCHE _cMarch2019 |
||
| 655 | _vText book | ||
| 942 |
_2ddc _cBB |
||
| 999 |
_c27240 _d27211 |
||